Datum a čas kvízu
30.5
Celkem bodů
Celkový počet nahraných bodů na tomto kvízu bez doplňovacích otázek.
8.
Pořadí na kvízu
Konečné umístění týmu na tomto kvízu.
Zaznamenané odpovědi
| # | Otázka | Odpověď | Body | Výsledky |
|---|---|---|---|---|
| 1. | V úterý byl odvolán ředitel je... | Česká televize (ČT), Jan Souček | 0.5 | |
| 2. | Na pozemku u bratislavského le... | Sbohem (Zbohom) Fico | 1 | |
| 3. | Minulý týden vyšlo album Ostra... | Michal Prokop | 1 | |
| 4. | Filipínské a americké vojenské... | D) Předčasné samovolné potopení filipínské lodi. | 1 | |
| 5. | Hokejový tým Utah, jehož brank... | Mammoth (Mamut) | 0 | |
| 6. | Podíváme se na historické udál... | O. J. Simpson, americký fotbal | 1 | |
| 7. | Seřaďte chronologicky tyto pol... | 1D 2B 3C 4A | 1 | |
| 8. | V České republice vystoupila o... | D | 1 | |
| 9. | Ve kterém roce vstoupila Česká... | v roce 2004, Vladimír Špidla | 0.5 | |
| 10. | Ve kterém městě získala samost... | ve Vídni, Kanadu | 0 |